000 00425nam a2200145Ia 4500
008 230917s9999||||xx |||||||||||||| ||und||
040 _e117671
_aMAIN
041 _aEnglish
082 _a824.09 B183C
100 _aBalaswamy, P
245 0 _aCritical introspections: Essays in Indian writing in English and American literature
260 _aNew Delhi
_bAssociated Publishing House
_c2007
300 _a227 p.
942 _cBK
999 _c146150
_d146150